000 00262nam a2200097Ia 4500
001 726085
005 20250826163422.0
008 250824s9999 xx 000 0 und d
245 0 _aCESARET VE KORKU
_cBRİGİTTE LABBE-MICHEL PUECH
260 _bGÜNIŞIĞI KİTAPLIĞI
999 _c726085
_d726085